000
00331nam a2200145Ia 4500
100
_a
Sethi.G.S/ Kakkar/ K.
490
_v
ITI
942
_c
BK
654
_a
Work Shop Calculation
245
_a
Work Shop Calculation & science
260
_b
Tata McGraw Hill
_a
NEW DELHI
_c
1991
300
_a
112
546
_a
ENGLISH
999
_c
30125
_d
30125